Fútbol Argentino - Plantel Boca Juniors 2025 - Estadísticas

Estadísticas generales
  • Esta prueba ha sido intentada 393 veces
  • La puntuación promedio es 28 de 36
Estadísticas de respuestas
Posición # Situación actual Jugador % Correcto
YDelantero 10 Plantel Profesional Edinson Cavani
98%
Arquero 25 Plantel Profesional Agustín Marchesín
97%
Arquero 12 Plantel Profesional Leandro Brey
97%
YDelantero 16 Plantel Profesional Miguel Merentiel
96%
Arquero 01 Baja por lesión Sergio Romero
96%
Defensor 17 Plantel Profesional Luis Advíncula
93%
Defensor 06 Plantel Profesional Marcos Rojo
91%
YDelantero 09 Plantel Profesional Milton Giménez
91%
Defensor 23 Plantel Profesional Lautaro Blanco
90%
Defensor 18 Plantel Profesional Frank Fabra
87%
Defensor 40 Plantel Profesional Lautaro di Lollo
87%
Mediocampista 43 Plantel Profesional Milton Delgado
85%
ZEntrenador - Plantel Profesional Fernando Gago
84%
Arquero 13 Plantel Profesional Javier García
84%
Defensor 32 Plantel Profesional Ayrton Costa
83%
YDelantero 08 Plantel Profesional Carlos Palacios
83%
YDelantero 07 Plantel Profesional Exequiel Zeballos
83%
Defensor 04 Plantel Profesional Jorge Figal
83%
Defensor 42 Plantel Profesional Lucas Blondel
83%
Defensor 05 Plantel Profesional Rodrigo Battaglia
82%
Mediocampista 21 Plantel Profesional Ander Herrera
80%
YDelantero 22 Plantel Profesional Kevin Zenón
80%
Defensor 02 Plantel Profesional Cristian Lema
78%
Defensor 24 Plantel Profesional Juan Barinaga
77%
Defensor 03 Plantel Profesional Marcelo Saracchi
77%
YDelantero 11 Plantel Profesional Lucas Janson
75%
YDelantero 20 Plantel Profesional Alan Velasco
74%
Mediocampista 30 Plantel Profesional Tomás Belmonte
70%
YDelantero 33 Plantel Profesional Brian Aguirre
65%
Mediocampista 15 Plantel Profesional Williams Alarcón
61%
Mediocampista 14 Plantel Profesional Ignacio Miramón
58%
Mediocampista 19 Plantel Profesional Agustín Martegani
55%
Mediocampista 38 Plantel Profesional Camilo Rey Domenech
52%
Defensor 34 Plantel Profesional Mateo Mendia
50%
Mediocampista 51 Plantel Profesional Santiago Dalmasso
35%
YDelantero 53 Plantel Profesional Joaquín Ruiz
27%
No se encontraron pruebas coincidentes
Distribución de puntuación
Porcentaje de gente con cada puntuación
Porcentaje por número respondido
Historial de tus puntuaciones
No has intentado esta prueba.